Diseño e implementación de un programa de formación docente para el desarrollo de la inteligencia emocional /
-д хадгалсан:
| Үндсэн зохиолч: | |
|---|---|
| Бусад зохиолчид: | |
| Формат: | Дипломын ажил Ном |
| Хэл сонгох: | испани |
| Нөхцлүүд: | |
| Шошгууд: |
Шошго байхгүй, Энэхүү баримтыг шошголох эхний хүн болох!
|
MARC
| LEADER | 00000nam^a2200000^a^4500 | ||
|---|---|---|---|
| 001 | 000181791 | ||
| 005 | 20250521000000.0 | ||
| 009 | 20260310101942.943 | ||
| 037 | |a Acervo ITESO - Biblioteca | ||
| 041 | |a ESP | ||
| 090 | |a CED. 111 | ||
| 100 | |a Aguado Jiménez, Evelyn |e (autor) | ||
| 245 | 1 | 0 | |a Diseño e implementación de un programa de formación docente para el desarrollo de la inteligencia emocional / |c E. Aguado Jiménez, M.C. Laguna Sandoval. |
| 264 | |a Guadalajara, México : |b edición de autor, |c 2005 | ||
| 300 | |a 1 disco compacto de computadora | ||
| 336 | |a datos para computadora |b cod |2 rdacontenido | ||
| 337 | |a computadora |b c |2 rdamedio | ||
| 338 | |a disco de computadora |b cd |2 rdasoporte | ||
| 502 | |a ITESO Tesis de Licenciatura en Ciencias de la Educación | ||
| 649 | |a XX | ||
| 650 | |a Inteligencia Emocional | ||
| 650 | |a Formación y Capacitación de Profesores | ||
| 650 | |a Psicología Cognitiva | ||
| 650 | |a Proceso Educativo | ||
| 650 | |a Aprendizaje | ||
| 650 | |a Educación | ||
| 700 | |a Laguna Sandoval, María Cristina |e (autor) | ||
| 910 | |a Fondo General | ||
| 920 | |a Electrónicos - Tesis del ITESO en Disco | ||
| 905 | |a 202 | ||
| 901 | |a 0500121613 |b IT2 |c STS |u 20250521 | ||
| 902 | |a https://opac.biblio.iteso.mx/vufind/Record/000181791 | ||